Statistics for Volcanoes on the Map 🌋

Click here to take the quiz!

General Stats

  • This quiz has been taken 550 times
  • The average score is 10 of 24

Answers on the Map

Answers color-coded by a green-red scale on the quiz's map according to % correct below.
 

Answer Stats

Volcano% Correct
Fuji
84%
Vesuvius
82%
Etna
80%
St. Helens
69%
Krakatoa
65%
Kilimanjaro
63%
Yellowstone Caldera
57%
Mauna Loa
55%
Kenya
44%
Rainier
43%
Ararat
41%
Elbrus
40%
Pinatubo
39%
Tambora
29%
Teide
28%
Aconcagua
27%
Hood
26%
Santorini
26%
Eyjafjallajökull
23%
Chimborazo
22%
Cotopaxi
18%
Merapi
16%
Arenal
13%
Unzen
10%

Score Distribution

Percentile by Number Answered

Percent of People with Each Score

Your Score History

You have not taken this quiz